[Event "Rishon Le Ziyyon-ch U18"]
[Site "Rishon Le Ziyyon"]
[Date "2023.03.30"]
[Round "3"]
[White "Zakin, Ilay"]
[Black "Ashkenazy, Nir"]
[Result "1-0"]
[WhiteElo "1679"]
[BlackElo "1417"]
[PlyCount "89"]
[EventDate "2023.03.28"]
[EventType "swiss"]
[EventRounds "9"]
[EventCountry "ISR"]
[SourceTitle "CBM 213 Extra"]
[Source "ChessBase"]
[SourceDate "2023.05.31"]
[SourceVersion "1"]
[SourceVersionDate "2023.05.31"]
[SourceQuality "1"]

1. e4 e5 2. Nf3 Nc6 3. Bc4 Bc5 4. 0-0 d6 5. h3 Be6 6. Bxe6 fxe6 7. c3 Qf6 8. d4 exd4 9. Bg5 Qg6 10. cxd4 Nxd4 11. Nxd4 Bxd4 12. Qxd4 Qxg5 13. f4 Qc5 14. Qxc5 dxc5 15. Nc3 0-0-0 16. Rfd1 Ne7 17. Kf2 Nc6 18. Ke3 Nd4 19. Rac1 Rd7 20. Rd2 Rhd8 21. Rcd1 c6 22. Kf2 Nb5 23. Rxd7 Rxd7 24. Rxd7 Kxd7 25. Ne2 Nd6 26. e5 Nf5 27. g4 Ne7 28. Ng3 Ng6 29. Ke3 Ne7 30. f5 b5 31. Ke4 a5 32. h4 a4 33. f6 gxf6 34. exf6 Ng6 35. h5 Nf8 36. Ke5 Ke8 37. Ne4 c4 38. a3 h6 39. g5 hxg5 40. Nxg5 c5 41. Kd6 b4 42. f7+ Kd8 43. Nxe6+ Kc8 44. Nxf8 c3 45. Nd7 1-0

[Event "Ramat Gan Purim Rapid op"]
[Site "Ramat Gan"]
[Date "2023.03.06"]
[Round "3"]
[White "Levi, Netanel"]
[Black "Zakin, Ilay"]
[Result "0-1"]
[WhiteElo "2153"]
[BlackElo "1679"]
[PlyCount "94"]
[EventDate "2023.03.06"]
[EventType "swiss (rapid)"]
[EventRounds "5"]
[EventCountry "ISR"]
[SourceTitle "CBM 213 Extra"]
[Source "ChessBase"]
[SourceDate "2023.05.31"]
[SourceVersion "1"]
[SourceVersionDate "2023.05.31"]
[SourceQuality "1"]

1. e4 c5 2. Nf3 Nc6 3. Bb5 g6 4. Bxc6 dxc6 5. d3 Bg7 6. h3 Nf6 7. Nc3 e5 8. Be3 b6 9. Qd2 Nd7 10. Bh6 0-0 11. h4 Qf6 12. h5 Bxh6 13. Qxh6 Qg7 14. hxg6 Qxh6 15. gxf7+ Kg7 16. Rxh6 Kxh6 17. Ke2 Rxf7 18. Rh1+ Kg7 19. Ng5 Rf6 20. f3 Nf8 21. Nd1 h6 22. Nh3 Bxh3 23. Rxh3 Ne6 24. Rh2 c4 25. Ne3 cxd3+ 26. cxd3 Nf4+ 27. Kd2 Rd8 28. Nf5+ Kh7 29. d4 Ne6 30. d5 cxd5 31. Ke3 d4+ 32. Kd2 Rd7 33. g4 Ng5 34. Rf2 Rc7 35. Kd3 Nh3 36. Rh2 Nf4+ 37. Kd2 d3 38. Ne3 Rfc6 39. Rh1 Kg6 40. a3 Rc2+ 41. Nxc2 Rxc2+ 42. Kd1 Rxb2 43. Kc1 Rc2+ 44. Kb1 Ne2 45. Ka1 Nc3 46. Rxh6+ Kxh6 47. g5+ Kg7 0-1

[Event "ISR-ch U08/18"]
[Site "Savyon"]
[Date "2022.04.11"]
[Round "5"]
[White "Zakin, Ilay"]
[Black "Azoulay, Yehonatan"]
[Result "1/2-1/2"]
[WhiteElo "1638"]
[BlackElo "1730"]
[PlyCount "163"]
[EventDate "2022.04.06"]
[EventType "swiss"]
[EventRounds "9"]
[EventCountry "ISR"]
[SourceTitle "EXT 2023"]
[Source "ChessBase"]
[SourceDate "2022.10.05"]
[SourceVersion "1"]
[SourceVersionDate "2022.10.05"]
[SourceQuality "1"]

1. e4 c5 2. Nf3 Nc6 3. d4 cxd4 4. Nxd4 g6 5. c4 Bg7 6. Nc2 d6 7. Be2 Nf6 8. Nc3 Bd7 9. 0-0 0-0 10. Rb1 Rc8 11. Bd2 Ne5 12. Ne3 Bc6 13. f3 a5 14. a3 b6 15. b4 h5 16. Qb3 e6 17. Rfd1 Qe7 18. Be1 Bh6 19. Bf2 axb4 20. Qxb4 Rfd8 21. Nc2 Nfd7 22. Bxb6 Nxb6 23. Qxb6 Nd7 24. Qb4 Nc5 25. Nb5 Bf8 26. Ncd4 Qg5 27. Qc3 Bxb5 28. Nxb5 h4 29. Qd2 Qf6 30. Qd4 Qg5 31. h3 e5 32. Qd2 Qg3 33. Qe1 Qg5 34. Qd2 Qh5 35. f4 Qh8 36. Bg4 Ra8 37. Qd5 exf4 38. Rf1 Qe5 39. Rbe1 Ra4 40. Bf3 Qxd5 41. cxd5 Ra5 42. Nd4 Rxa3 43. Nc6 Re8 44. Re2 Bg7 45. Rc1 Re3 46. Rce1 Nxe4 47. Rxe3 fxe3 48. Rxe3 Nf6 49. Kf2 Bh6 50. Re2 Kg7 51. Rxe8 Nxe8 52. Ke2 f5 53. Kd3 Bg5 54. Nd4 Kf6 55. Ne6 Bh6 56. Kd4 Bc1 57. Nd8 Nc7 58. Nc6 Bb2+ 59. Kc4 Na6 60. Kb5 Nc5 61. Na5 Nd3 62. Nc4 Be5 63. Kc6 Ke7 64. Nb6 Kd8 65. Nc4 Nb4+ 66. Kb5 Nc2 67. Bd1 Nd4+ 68. Kb6 Kd7 69. Ba4+ Ke7 70. Nxe5 dxe5 71. Kc7 Kf6 72. d6 Ne6+ 73. Kc8 Nc5 74. d7 Nxd7 75. Kxd7 g5 76. Bd1 g4 77. hxg4 fxg4 78. Bxg4 Kg5 79. Be2 Kf4 80. Ke6 e4 81. Kd5 e3 82. Kd4 1/2-1/2